UBT Library

The Writing teacher's sourcebook / (Record no. 42765)

000 -LEADER
fixed length control field 00605cam a2200217 a 4500
001 - CONTROL NUMBER
control field 1950937
005 - DATE AND TIME OF LATEST TRANSACTION
control field 20180216044013.0
008 - FIXED-LENGTH DATA ELEMENTS--GENERAL INFORMATION
fixed length control field 871109s1988 nyua b 000 0 eng
010 ## - LIBRARY OF CONGRESS CONTROL NUMBER
LC control number 87031349
020 ## - INTERNATIONAL STANDARD BOOK NUMBER
International Standard Book Number 0195053389 (alk. paper)
040 ## - CATALOGING SOURCE
Original cataloging agency DLC
Transcribing agency DLC
Modifying agency DLC
041 ## - LANGUAGE CODE
Language code of text/sound track or separate title eng
080 ## - UNIVERSAL DECIMAL CLASSIFICATION NUMBER
Universal Decimal Classification number 808.042071173 TAT
082 00 - DEWEY DECIMAL CLASSIFICATION NUMBER
Classification number 808.042071173 TAT
Edition number 19
100 ## - Rafti
Rafti 47
101 ## - Shkurtesa
Shkurtesa EDU
245 04 - TITLE STATEMENT
Title The Writing teacher's sourcebook /
Statement of responsibility, etc [edited by] Gary Tate, Edward P.J. Corbett.
504 ## - BIBLIOGRAPHY, ETC. NOTE
Bibliography, etc Includes bibliographies.
906 ## - LOCAL DATA ELEMENT F, LDF (RLIN)
a 7
b cbc
c orignew
d 1
e ocip
f 19
g y-gencatlg
942 ## - ADDED ENTRY ELEMENTS (KOHA)
Source of classification or shelving scheme
Item type Books
Holdings
Withdrawn status Lost status Source of classification or shelving scheme Damaged status Not for loan Collection code Permanent location Current location Shelving location Date acquired Total Checkouts Full call number Barcode Date last seen Price effective from Koha item type
          Koleksioni i përgjithshem UBT - Lipjan UBT - Lipjan Koleksioni i përgjithshem 02/16/2018   808.042071173 TAT 002-2998440 02/16/2018 02/16/2018 Books
UBT Library © 2015-2024. All rights reserved University Education for Business and Technology